000 00317nam a2200145Ia 4500
008 230718s9999 xx 000 0 und d
041 _aEng.
082 _a343.5
_bTHA-L
100 _aThankon, M.
245 0 _aLand Law
260 _aPakistan
_bSweet and Mand
_c1955
300 _a234
650 _aLaw
999 _c29015
_d29015